Statistics for NBA 2k21 all-time Chicago Bulls

Click here to take the quiz!

General Stats

  • This quiz has been taken 508 times
  • The average score is 9 of 15

Answer Stats

OverallPlayer% Correct
99Michael Jordan
100%
97Scottie Pippen
100%
93Dennis Rodman
97%
95Derrick Rose
92%
93Artis Gilmore
70%
87Joakim Noah
69%
91Jimmy Butler
63%
82Steve Kerr
63%
85Horace Grant
54%
85Toni Kukoc
53%
89Bob Love
43%
87B.J. Armstrong
39%
82Kirk Hinrich
29%
87Reggie Theus
20%
84Charles Oakley
19%

Score Distribution

Percentile by Number Answered

Percent of People with Each Score

Your Score History

You have not taken this quiz